00355nam a2200133Ia 4500008004100000020001400041041001200055082002000067100004100087245003300128260002300161300001300184650002400197231221s9999 xx 000 0 und d a852925816 aEnglish a658.3 ARM;1 R aArmstrong, Michael and Baron, Angele 4aThe Job evaluation hand book c1995bCIPDaLondon axii, 403 aJob,evaluation,hand